Social marketing: influencing behaviors for good. -- 4th ed. (Record no. 76582)

MARC details
000 -LEADER
fixed length control field 01539nam a2200253 a 4500
008 - FIXED-LENGTH DATA ELEMENTS--GENERAL INFORMATION
fixed length control field 130830s2011 ||||||||||||||||| || u
020 ## - INTERNATIONAL STANDARD BOOK NUMBER
International Standard Book Number 9781412981491
050 ## - LIBRARY OF CONGRESS CALL NUMBER
Classification number HF 5414 Kot
100 ## - MAIN ENTRY--PERSONAL NAME
Personal name Lee, Nancy R
245 11 - TITLE STATEMENT
Title Social marketing: influencing behaviors for good. -- 4th ed.
Statement of responsibility, etc. by Nancy R. Lee and Philip Kotler
250 ## - EDITION STATEMENT
Edition statement 4th ed.
260 ## - PUBLICATION, DISTRIBUTION, ETC.
Place of publication, distribution, etc. Thousand Oaks
Name of publisher, distributor, etc. SAGE Publications
Date of publication, distribution, etc. 2011
300 ## - PHYSICAL DESCRIPTION
Extent xi, 502p.: ill.
500 ## - GENERAL NOTE
General note REFERENCES
650 #0 - SUBJECT ADDED ENTRY--TOPICAL TERM
Topical term or geographic name entry element BEHAVIOR MODIFICATION
650 ## - SUBJECT ADDED ENTRY--TOPICAL TERM
Topical term or geographic name entry element SOCIAL MARKETING
700 ## - ADDED ENTRY--PERSONAL NAME
Personal name Kotler, Philip
995 ## -
-- ANNEX COLLECTION (Main Library)
-- 745091
-- CBU-MAIN LIBRARY (Kitwe)
-- 96.00
-- HF 5414 Kot
-- 2
-- AVAILABLE
-- Apr 28, 2015
-- 745091
-- Annex Low-Usage Collection
995 ## -
-- MAIN LIBRARY OPEN ACCESS
-- 745088
-- CBU-MAIN LIBRARY (Kitwe)
-- 96.00
-- HF 5414 Kot
-- 5
-- AVAILABLE
-- Apr 28, 2015
-- 745088
-- Main Library Open Access Collection
995 ## -
-- ANNEX COLLECTION (Main Library)
-- 744366
-- CBU-MAIN LIBRARY (Kitwe)
-- HF 5414 Kot
-- 4
-- AVAILABLE
-- Sep 10, 2013
-- 744366
-- Annex Low-Usage Collection
995 ## -
-- MAIN LIBRARY OPEN ACCESS
-- 745092
-- CBU-MAIN LIBRARY (Kitwe)
-- 96.00
-- HF 5414 Kot
-- 3
-- AVAILABLE
-- Apr 28, 2015
-- 745092
-- Main Library Open Access Collection
995 ## -
-- MAIN LIBRARY OPEN ACCESS
-- 745089
-- CBU-MAIN LIBRARY (Kitwe)
-- HF 5414 Kot
-- 6
-- AVAILABLE
-- Apr 28, 2015
-- 745089
-- Main Library Open Access Collection
995 ## -
-- ANNEX COLLECTION (Main Library)
-- 745090
-- CBU-MAIN LIBRARY (Kitwe)
-- 96.00
-- HF 5414 Kot
-- 1
-- AVAILABLE
-- Apr 28, 2015
-- 745090
-- Annex Low-Usage Collection
999 ## -
-- 76582
-- 76582
Holdings
Withdrawn status Lost status Source of classification or shelving scheme Damaged status Not for loan Permanent Location Current Location Shelving location Date acquired Total Checkouts Full call number Barcode Date last seen Copy number Price effective from Koha item type
          CBU-MAIN LIBRARY, KITWE. CBU-MAIN LIBRARY, KITWE.   04/25/2023   HF 5414 Kot 745091 04/25/2023 1 04/25/2023 MONOGRAPH
          CBU-MAIN LIBRARY, KITWE. CBU-MAIN LIBRARY, KITWE.   04/25/2023   HF 5414 Kot 745088 04/25/2023 2 04/25/2023 MONOGRAPH
Withdrawn         CBU-MAIN LIBRARY, KITWE. CBU-MAIN LIBRARY, KITWE.   04/25/2023   HF 5414 Kot 744366 04/25/2023 3 04/25/2023 MONOGRAPH
          CBU-MAIN LIBRARY, KITWE. CBU-MAIN LIBRARY, KITWE.   04/25/2023   HF 5414 Kot 745092 04/25/2023 4 04/25/2023 MONOGRAPH
          CBU-MAIN LIBRARY, KITWE. CBU-MAIN LIBRARY, KITWE.   04/25/2023   HF 5414 Kot 745089 04/25/2023 5 04/25/2023 MONOGRAPH
          CBU-MAIN LIBRARY, KITWE. CBU-MAIN LIBRARY, KITWE.   04/25/2023   HF 5414 Kot 745090 04/25/2023 6 04/25/2023 MONOGRAPH